Дело по отношению генерал-губернатора Восточной Сибири о назначении таксы сбора на переустройство при деревне Ойской на реке Ою ...

Доступно только в Электронных читальных залах Найти на картеНа карте
RUSMARC
00004299nmc2a22000003x 450
00182d53386-a2a7-4ae2-976e-52287164ea32
00520200131173730.0
100##$a20180402l18551855k l0rusy0189 ca
1010#$arus
102##$aRU
2001#$aДело по отношению генерал-губернатора Восточной Сибири о назначении таксы сбора на переустройство при деревне Ойской на реке Ою в Енисейской губернии
$j26 июля - 12 декабря 1855 г.
251##$cДело
300##$aДело
300##$aОриг. заголовок дела: Дело по отношению генерал-губернатора Восточной Сибири о назначении таксы сбора на переправе при деревне Ойской на реке Ою в Енисейской губернии. 26 июля 1855 г. - 12 октября 1855 г
801#0$aRU
$bРГИА
$c20180402
$gRCR
801#1$aRU
$bГлавНИВЦ
$c20180402
$2rusmarc
801#2$aRU
$bПБ им. Б.Н. Ельцина
$c20200131
$gRCR
$2rusmarc
850##$aРГИА
852##$aРГИА
$eФедеральное казенное учреждение "Российский государственный исторический архив" (РГИА)
$j38
937##$hРГИА
$d12273985
$aASBIBLIO_SCAN
462#0$1001a155281c-31fd-4ebf-bc41-b17b201574d6
$12001
$aДела Департамента полиции исполнительной МВД за 1855 год
$1251
$cОпись
$1852
$j16
$l1855 г.
461#0$10013e300ed0-cd39-49af-8489-5ba5b90fa401
$12001
$aДепартамент полиции исполнительной МВД
$1251
$cФонд
$1852
$j1286
215##$a11 л.
$d36,5х26 см
371##$aДокумент не является опубликованным и широко распространяемым
105##$ay###
1222#$ad
5171#$aДело по отношению генерал-губернатора Восточной Сибири о назначении таксы сбора на переправе при деревне Ойской на реке Ою в Енисейской губернии. 26 июля 1855 г. - 12 октября 1855 г
035##$a82d53386-a2a7-4ae2-976e-52287164ea32
856##$uhttp://readingroom.main.prlib.ru/item.aspx?id_node=n137969790&mode=full
Формат отображения